| 000 | 00316nam a2200109Ia 4500 | ||
|---|---|---|---|
| 005 | 20251222144720.0 | ||
| 008 | 251222s9999||||xx |||||||||||||| ||spa|| | ||
| 082 | _a232.95/B26 | ||
| 100 | _aBasabe Manso de Zúñiga, Fernando | ||
| 245 | 0 | _aMeditaciones sobre la Vida Pública de Nuestro Señor Jesucristo | |
| 942 | _cLIB | ||
| 999 |
_c18192 _d18192 |
||